Movies Quiz

Random Movies or Clickable Quiz

1987 Movies 3 Clicks Quiz Stats

 Plays Quiz not verified by Sporcle

Score 0/15 Timer 01:30
0 Plays Today
% Correct
Good
98.1%
Full
96.8%
Masters
95.5%
Batteries
94.2%
Adventures
94.2%
The
89%
Less
87.1%
Some
87.1%
% Correct
Teen
84.5%
Born
83.9%
Nowhere
83.2%
Over
78.7%
No
76.1%
Making
74.8%
White
65.2%

You're not logged in!

Compare scores with friends on all Sporcle quizzes.
OR
Log In

Sporcle TV

Today on Sporcle TV


Watch our educational content, quiz creation guides, and fun videos on Sporcle TV.

Show Comments

Extras

Created Sep 6, 2017ReportNominate
Tags:Clickable Quiz, 1987

Top Quizzes Today


Score Distribution

Your Account Isn't Verified!

In order to create a playlist on Sporcle, you need to verify the email address you used during registration. Go to your Sporcle Settings to finish the process.

Report this User

Report this user for behavior that violates our Community Guidelines.

Details: